A-Z: animals & plants ending in Z - Statistics

General Stats
  • This quiz has been taken 9 times
  • The average score is 11 of 26
Answer Stats
Initial letter Clue Organic word ending in Z % Correct
A Spanish word meaning "large or strange bird" which is also a Californian prison with pelicans located nearby Alcatraz
100%
B Ape who went to the moon, named after the sound of a bee Buzz
100%
P The Spanish word for fish Pez
75%
Q A stone which gives its name to a variety of the verbena plant Quartz
75%
F Cucarachero _____, Spanish for the happy wren (pheugopedius felix) Feliz
63%
L Pez _____, the Spanish name for the three-lined pencilfish Lapiz
63%
T _____-spotted blue butterfly; the answer is a gemstone Topaz
63%
C Another name for the windowpane oyster of the Philippines; a clue would be "hat is" Capiz
50%
D The Azeri word for pig, similar to the word for a mini-cake with a hole Donuz
50%
G The German word for the redstart, a woodland bird, meaning "garden red tail" (tail being "schwanz") Gartenrotschwanz
50%
N Murciélago _____ de espada, Spanish for Tomes's sword-nosed bat; the word means "nose" Nariz
50%
X The older spelling of Jerez, a Spanish city which gave its name to a grape product Xerez
50%
H German for the black redstart, a more urban version of the above Hausrotschwanz
38%
I The Azeri word for snail, a clue being "monsieur business" Ilbiz
38%
J Species name of a fur seal, from islands named after a Spanish explorer Juan Fernandez
38%
K German species name of a hamster, meaning "short tail" Kurzschwanz
38%
S City which a Pacific island dove is named after Santa Cruz
38%
U The German word for undergrowth Unterholz
38%
V Species name of a salamander found in a state of Mexico Veracruz
38%
Y British ape of the 1980s who was a well-known pop singer Yazz
38%
R The Spanish species name for a fody (songbird) found on a remote island belonging to Mauritius; it is a common Spanish surname Rodríguez
25%
E Spanish for the African quailfinch, two words, which are anagrams of "Redtails" and "Zi condor" Estrilda codorniz
13%
M Paloma ________ cabecigrís, the Spanish name for the grey-headed dove; the word relates to mountains Montaraz
13%
O The German word for the Omani owl Omankauz
0%
W The Polish word for snake Waz
0%
Z German name for an insect species, meaning "shaggy springtail" Zottiger Springschwanz
0%
No matching quizzes found
Score Distribution
Percent of People with Each Score
Percentile by Number Answered
Your Score History
You have not taken this quiz